ბათუმის შოთა რუსთაველის სახელმწიფო უნივერსიტეტის ბიბლიოთეკა

ქართველები. ნაწ. 1. ქრისტიანობამდელი ეპოქა (ბიბ.ჩანაწერი № 51185)

000 -LEADER
fixed length control field 01483nam a2200289Ia 4500
001 - CONTROL NUMBER
control field 18144
003 - CONTROL NUMBER IDENTIFIER
control field GE_BSU
008 - FIXED-LENGTH DATA ELEMENTS--GENERAL INFORMATION
fixed length control field 181216s||||||||xx |||||||||||||| ||und||
020 ## - INTERNATIONAL STANDARD BOOK NUMBER
International Standard Book Number 99928-79-64-X
040 ## - CATALOGING SOURCE
Transcribing agency GE_BSU
080 ## - UNIVERSAL DECIMAL CLASSIFICATION NUMBER
Universal Decimal Classification number 94(=353.1)+39+811.353.1
100 ## - MAIN ENTRY--PERSONAL NAME
Personal name ფუტკარაძე, ტარიელ
245 ## - TITLE STATEMENT
Title ქართველები. ნაწ. 1. ქრისტიანობამდელი ეპოქა
245 ## - TITLE STATEMENT
Statement of responsibility, etc. ინგლ. თარგმანი-ირინე კუცია; თურქული-აბდულაჰ ზორლუ (არჩილ ზოიძე) და სხვ.
250 ## - EDITION STATEMENT
Edition statement ქუთაისის სახ. უნ-ტის დიალექტოლოგიის ს/კ ინ-ტი
260 ## - PUBLICATION, DISTRIBUTION, ETC.
Place of publication, distribution, etc. ქუთაისი
260 ## - PUBLICATION, DISTRIBUTION, ETC.
Name of publisher, distributor, etc. ქუთაისის სახ. უნ-ტი
260 ## - PUBLICATION, DISTRIBUTION, ETC.
Date of publication, distribution, etc. 2005
300 ## - PHYSICAL DESCRIPTION
Extent 624 გვ. : .22სმ.
300 ## - PHYSICAL DESCRIPTION
Accompanying material ბიბლიოგრ.: გვ. 493-528., რუკები გვ.617-624
520 ## - SUMMARY, ETC.
Summary, etc. ტექსტი ქართ., თურქ. და ინგლ. ენ..
653 ## - INDEX TERM--UNCONTROLLED
Uncontrolled term ქართველები
653 ## - INDEX TERM--UNCONTROLLED
Uncontrolled term ქართველები; ქართველური ენები; ქართული ენა; ქართული ენის დიალექტები
653 ## - INDEX TERM--UNCONTROLLED
Uncontrolled term ქრისტიანობამდელი ეპოქა
942 ## - ADDED ENTRY ELEMENTS (KOHA)
Koha item type წიგნი
ეგზემპლარები
Withdrawn status Lost status Damaged status Not for loan Date acquired Barcode Date last seen Price effective from Koha item type
        2018-12-17 46267 2018-12-17 2018-12-17 წიგნი